00386cam a2200157ua 450000100060000000800390000602000180004504000090006308200110007210000290008324500370011225000120014926000420016130000100020365300150021310632190322n ii |||gr||||Z||||||eng a9789327266320 cMAIN a338.04 aRana Bijoy Deb,eAuthor. aFundamentals of entrepreneurship a2nd ed. aLudhiana:bKalyani publishers,c2016. a261p. aProduction